000 00842nam a2200241Ia 4500
003 OSt
005 20221005113517.0
006 a|||||r|||| 00| 0
007 ta
008 221004b |||||||| |||| 00| 0 pan d
020 _c300
024 _a15055
037 _b885, 08/09/2014, H.K. Prakashan
_cTextual
040 _aCRL
_cCRL
_bpan
041 _2pan
_apan
082 _aT4:5.1, 153Q3
100 _aਤਲਵਾਰ, ਮਿਤਾਲੀ
245 0 _aਪੰਜਾਬੀ ਸਾਹਿਤ ਦੇ ਬਦਲਦੇ ਝੁਕਾਵਾਂ ਦਾ ਅਧਿਐਨ
260 _aਲੁਧਿਆਣਾ
_bਲਾਹੌਰ ਬੁੱਕਸ ਭਾਰਤ
_c2013
300 _a497ਪੰ
_ccm.
942 _hT4:5.1, 153Q3
_cTEXL
_2cc
999 _c1028415
_d1028415